| 000 | 00521nam a2200181Ia 4500 | ||
|---|---|---|---|
| 008 | 220216s9999 xx 000 0 und d | ||
| 100 | _aShaoqiong Yang | ||
| 245 | 0 | _aFurther study on rare earth in increasing rubber yield of Hevea brasiliensis | |
| 260 |
_bChinese Journal of Tropical Crops Physiology and Exploitation _c1993 |
||
| 300 | _a30 | ||
| 650 | _aBark dryness | ||
| 650 | _aHevea brasiliensis | ||
| 650 | _aLatex | ||
| 650 | _aRubber yield | ||
| 700 | _aSiwei Fan | ||
| 700 | _aYeyong Mo | ||
| 942 | _cJS | ||
| 999 |
_c59687 _d59687 |
||